[Event "Trondheim CC-ch B"]
[Site "Trondheim"]
[Date "2020.03.02"]
[Round "6"]
[White "Haugvik, Borge"]
[Black "Sagberg, Lavrans Johannes"]
[Result "1/2-1/2"]
[WhiteElo "1517"]
[BlackElo "1488"]
[PlyCount "29"]
[EventDate "2020.01.20"]
[EventType "tourn"]
[EventRounds "9"]
[EventCountry "NOR"]
[SourceTitle "EXT 2024"]
[Source "ChessBase"]
[SourceDate "2023.10.10"]
[SourceVersion "1"]
[SourceVersionDate "2023.10.10"]
[SourceQuality "1"]

1. e4 c6 2. d4 d5 3. Nd2 dxe4 4. Nxe4 Bf5 5. Ng3 Bg6 6. Nh3 Nf6 7. Be2 e6 8. Nf4 Bd6 9. Nxg6 hxg6 10. Bg5 Qc7 11. Qd3 Nbd7 12. 0-0-0 Bf4+ 13. Bxf4 Qxf4+ 14. Qe3 Qxe3+ 15. fxe3 1/2-1/2